|
|
|
|
| LEADER |
00000nab a2200000 a 4500 |
| 001 |
vtls009161294 |
| 003 |
SK-MaSNL |
| 005 |
20260304180024.0 |
| 008 |
250506c20061212xo brzp 0 0slo |
| 015 |
|
|
|a SNBRB2007/11
|2 snkbucl
|
| 035 |
|
|
|a (sysno)vtls009161294
|
| 035 |
|
|
|a urn:nbn:sk:snk-ab70yv
|
| 035 |
|
|
|a (uuid)e9fc5ec5-f9e7-4ed9-842e-4878adc3aed9
|
| 035 |
|
|
|a (urnnbn)urn:nbn:sk:snk:ar-a06hlo
|
| 040 |
|
|
|a SNKBUCL
|b slo
|c SNKBUCL
|e AACR2
|
| 041 |
0 |
|
|a slo
|
| 044 |
|
|
|a xo
|c SK
|
| 080 |
|
|
|a 613.2-032
|2 2001
|
| 080 |
|
|
|a 615.246
|2 2001
|
| 080 |
|
|
|a 616-083
|2 2001
|
| 100 |
1 |
|
|a Jančiová, Stella
|4 aut
|9 1166119
|
| 245 |
1 |
0 |
|a Umelá výživa
|c Stella Jančiová
|
| 300 |
|
|
|b Sch., tab.
|
| 504 |
|
|
|a Bibliogr. odkazy
|
| 650 |
0 |
7 |
|a ošetrovateľská starostlivosť
|2 SNKPH
|9 63308
|
| 650 |
0 |
7 |
|a umelá výživa
|2 snkbucl
|9 2462
|
| 773 |
0 |
|
|t Sestra : odborný dvojmesačník pre ošetrovateľstvo
|g Roč. V, č. 1 - 2 (2006), s. 16
|x 1335-9444
|
| 850 |
|
|
|a Slovenská národná knižnica
|
| 852 |
|
|
|a Slovenská národná knižnica
|
| 954 |
|
|
|a odborná, vedecká literatúra pôvodná (slovenská)
|2 lita
|
| 958 |
|
|
|a article27
|
| 958 |
|
|
|a SK
|
| 958 |
|
|
|a MI
|
| 958 |
|
|
|a NB
|
| 958 |
|
|
|a OND
|
| 958 |
|
|
|a EUIPO
|
| 999 |
|
|
|c 3016124
|d 3018054
|